Szemle. Új Erdélyi Múzeum. I. évfolyam 1-2 füzet. Budapest 1990
Elmentve itt :
| Szerző: | |
|---|---|
| Adatforrás: | Meister |
| Forrásdokumentuma: | Erdélyi Múzeum. - 1-4 sz., 1991, 166-172 p. |
| Nyelv: | magyar |
| Kulcsszavak: | sajtó-recenzió sajtó SZABÓ T. Attila KÖPECZI Béla WAGNER Ernst MISKOLCZY Ambrus ENTZ Géza SZABÓ T. Ádám LUKÁCSY Sándor KOVALOVSZKI Júlia GÖMÖRI György PERJES Géza Új Erdélyi Múzeum |
| LEADER | 00746nab a2200265 i 4500 | ||
|---|---|---|---|
| 001 | bibPRO00007058 | ||
| 008 | 060524s1991 xx hun | ||
| 040 | |a Sz1 | ||
| 041 | |a hun | ||
| 100 | 1 | |a KISS András | |
| 245 | 1 | 0 | |a Szemle. Új Erdélyi Múzeum. I. évfolyam 1-2 füzet. Budapest 1990 |c KISS András |
| 695 | |a sajtó-recenzió | ||
| 695 | |a sajtó | ||
| 695 | |a SZABÓ T. Attila | ||
| 695 | |a KÖPECZI Béla | ||
| 695 | |a WAGNER Ernst | ||
| 695 | |a MISKOLCZY Ambrus | ||
| 695 | |a ENTZ Géza | ||
| 695 | |a SZABÓ T. Ádám | ||
| 695 | |a LUKÁCSY Sándor | ||
| 695 | |a KOVALOVSZKI Júlia | ||
| 695 | |a GÖMÖRI György | ||
| 695 | |a PERJES Géza | ||
| 695 | |a Új Erdélyi Múzeum | ||
| 773 | 0 | |t Erdélyi Múzeum. - |g 1-4 sz., 1991, 166-172 p. | |